000 00605cam a22002053a 4500
001 40080
003 PGUSA
005 20140828083907.0
008 120625s2012||||xxu|||||s|||||000 | eng d
040 _aPGUSA
_beng
042 _adc
100 1 _aHudson, J. Paul
245 1 2 _aA Pictorial Booklet on Early Jamestown Commodities and Industries
_h[electronic resource] /
_cJ. Paul Hudson
260 _bProject Gutenberg,
_c2012
506 _aPublic domain in the USA.
516 _aElectronic text
830 0 _aProject Gutenberg
_v40080
856 4 0 _uhttp://www.gutenberg.org/ebooks/40080
942 _cEB
999 _c269333
_d269333